000 00814nam a2200217 a 4500
001 57669
003 BD-RjUL
005 20211209080536.0
008 161211s1955 ii ||||| |||| 00| 0 ben d
035 _a(BD-RjUL)57793
040 _aBD-RjUL
_bben
_cBD-RjUL
_dBD-RjUL
041 _aben
082 _a297.09
_bAHN 1955
_223
100 _aআহ্‌মদ, মিরযা সুলতান
_9117520
245 1 0 _aনির্ব্বাসিতা-হাজেরা /
_cমিরযা সুলতান আহ্‌মদ
260 _aকলিকাতা :
_bমির্জ্জা আলী মুহম্মদ,
_c১৯৫৫?
300 _a১৬০ পৃ. ;
_c২২ সেমি.
650 _aইসলাম
_xইতিহাস
_9117521
650 _aIslam
_xHistory
_9117522
942 _2ddc
_cBK
999 _c57669
_d57669